000 00606nam a2200193 a 4500
005 20220924063636.0
008 991125s1972 bue 000 0 spa u
035 _aUPN01000044938
049 _aCG
050 4 _aLB1031
_bP6.48
100 1 _aPopham, W. James
_929869
245 1 0 _aPlaneamiento de la enseñanza /
_cW. James Popham, Eva L. Baker ; tr. de Dolores Valle.
260 _aBuenos Aires :
_bPaidós,
_c1972.
300 _a136 p.
440 0 _aBiblioteca del educador contemporáneo ;
_v31
650 7 _aEnseñanza programada
_2
_92238
700 1 _aBaker, Eva L.,
_ecoaut.
_932413
905 _aLibro
999 _c44938
_d44938